Statistics for NFL - Seattle Seahawks All Time Best Players

Click here to take the quiz!

General Stats

  • This quiz has been taken 51 times
  • The average score is 11 of 15

Answer Stats

HintAnswer% Correct
RB - #24 - 2007-2019Marshawn Lynch
98%
QB - #3 - ACTIVE (Broncos)Russel Wilson
98%
CB - #25 - 2011-2021Richard Sherman
87%
WR - #16 - ACTIVETyler Lockett
84%
MLB - #54 - ACTIVEBobby Wagner
82%
WR - #14 - ACTIVED.K. Metcalf
82%
SS - #31 - 2010-2017Kam Chancellor
82%
RB - #9 - ACTIVEKenneth Walker III
80%
WR - #80 - 1976-1989Steve Largent
73%
WR - #89 - 2011-2018Doug Baldwin
69%
CB - #27 - ACTIVETariq Woolen
67%
RB - #37 - 2000-2008Shaun Alexander
64%
FS - #29 - 2010-2019Earl Thomas
62%
S - #6 / #37 - ACTIVEQuandre Diggs
62%
QB - #1 - 1984-2007Warren Moon
47%

Score Distribution

Percentile by Number Answered

Percent of People with Each Score

Your Score History

You have not taken this quiz